Country Extreme Temperatures Tile Select - Statistics

General Stats
  • This quiz has been taken 35 times
  • The average score is 21 of 45
Answer Stats
Question Tile Select % Correct
the following countries where the hottest temperature ever recorded was less than 40°C (104°F). Taiwan No
77%
the following African countries where the lowest temperature ever recorded was -20°C (-4°F) or less. Burkina Faso No
70%
the following European countries where the hottest temperature ever recorded was 45°C (113°F) or more. Greece Yes
70%
the following African countries where the lowest temperature ever recorded was -20°C (-4°F) or less. Egypt No
63%
the following countries where the lowest temperature ever recorded was 0°C (32°F) or less. Panama No
63%
the following African countries where the lowest temperature ever recorded was -20°C (-4°F) or less. Tunisia No
63%
the following countries where the hottest temperature ever recorded was less than 40°C (104°F). Belarus Yes
60%
the following countries where the lowest temperature ever recorded was 0°C (32°F) or less. Cambodia No
60%
the following countries where the hottest temperature ever recorded was less than 40°C (104°F). New Zealand No
60%
the following countries where the hottest temperature ever recorded was 50°C (122°F) or more. Iran Yes
57%
the following countries where the hottest temperature ever recorded was 50°C (122°F) or more. Zambia No
57%
the following African countries where the lowest temperature ever recorded was -20°C (-4°F) or less. Botswana No
53%
the following countries where the hottest temperature ever recorded was 50°C (122°F) or more. China Yes
53%
the following European countries where the hottest temperature ever recorded was 45°C (113°F) or more. France Yes
53%
the following countries where the hottest temperature ever recorded was 50°C (122°F) or more. Ghana No
53%
the following countries where the hottest temperature ever recorded was 50°C (122°F) or more. Israel Yes
53%
the following countries where the lowest temperature ever recorded was 0°C (32°F) or less. Philippines No
53%
the following European countries where the hottest temperature ever recorded was 45°C (113°F) or more. Serbia No
53%
the following countries where the hottest temperature ever recorded was less than 40°C (104°F). Slovenia No
53%
the following European countries where the hottest temperature ever recorded was 45°C (113°F) or more. Portugal Yes
50%
the following European countries where the hottest temperature ever recorded was 45°C (113°F) or more. Romania No
50%
the following countries where the hottest temperature ever recorded was less than 40°C (104°F). United Kingdom No
50%
the following countries where the hottest temperature ever recorded was less than 40°C (104°F). Austria No
47%
the following African countries where the lowest temperature ever recorded was -20°C (-4°F) or less. Eswatini No
47%
the following countries where the lowest temperature ever recorded was 0°C (32°F) or less. Guatemala Yes
47%
the following countries where the hottest temperature ever recorded was less than 40°C (104°F). Samoa Yes
47%
the following African countries where the lowest temperature ever recorded was -20°C (-4°F) or less. South Africa Yes
47%
the following countries where the lowest temperature ever recorded was 0°C (32°F) or less. Thailand Yes
47%
the following African countries where the lowest temperature ever recorded was -20°C (-4°F) or less. Lesotho Yes
43%
the following countries where the hottest temperature ever recorded was 50°C (122°F) or more. Turkmenistan Yes
43%
the following countries where the lowest temperature ever recorded was 0°C (32°F) or less. Indonesia Yes
40%
the following countries where the lowest temperature ever recorded was 0°C (32°F) or less. Malta No
40%
the following countries where the hottest temperature ever recorded was less than 40°C (104°F). Singapore Yes
40%
the following European countries where the hottest temperature ever recorded was 45°C (113°F) or more. Albania No
37%
the following African countries where the lowest temperature ever recorded was -20°C (-4°F) or less. Algeria No
37%
the following African countries where the lowest temperature ever recorded was -20°C (-4°F) or less. Morocco Yes
33%
the following countries where the hottest temperature ever recorded was less than 40°C (104°F). Cuba Yes
30%
the following countries where the lowest temperature ever recorded was 0°C (32°F) or less. Sudan Yes
30%
the following European countries where the hottest temperature ever recorded was 45°C (113°F) or more. Malta No
27%
the following countries where the hottest temperature ever recorded was 50°C (122°F) or more. Bahrain No
23%
the following countries where the lowest temperature ever recorded was 0°C (32°F) or less. Dominican Republic Yes
23%
the following countries where the hottest temperature ever recorded was 50°C (122°F) or more. Afghanistan No
20%
the following European countries where the hottest temperature ever recorded was 45°C (113°F) or more. Bosnia and Herzegovina Yes
20%
the following European countries where the hottest temperature ever recorded was 45°C (113°F) or more. Bulgaria Yes
17%
the following countries where the hottest temperature ever recorded was 50°C (122°F) or more. Sudan No
10%
No matching quizzes found
Score Distribution
Percent of People with Each Score
Percentile by Number Answered
Your Score History
You have not taken this quiz